000
00335nam a2200157Ia 4500
100
_a
Goyal/ S.C.
250
_a
2
942
_c
BK
654
_a
communication
245
_a
Principles of communication Engg
260
_b
Technical Pub
_a
Pune
_c
1996
082
_a
621.382
_b
GOY
300
_a
248
546
_a
ENGLISH
999
_c
19740
_d
19740